The Calvary road. (Record no. 12634)

000 -LEADER
fixed length control field 00997nam a2200253 a 4500
001 - CONTROL NUMBER
control field :::00010443$&:&@@
003 - CONTROL NUMBER IDENTIFIER
control field OkBaRHE
005 - DATE AND TIME OF LATEST TRANSACTION
control field 20010112132101.0
008 - FIXED-LENGTH DATA ELEMENTS--GENERAL INFORMATION
fixed length control field s1988 j 000 0 eng u
040 ## - CATALOGING SOURCE
Transcribing agency
100 1# - MAIN ENTRY--PERSONAL NAME
Personal name Hession, Roy.
245 14 - TITLE STATEMENT
Title The Calvary road.
260 ## - PUBLICATION, DISTRIBUTION, ETC. (IMPRINT)
Place of publication, distribution, etc Fort Washington, PA., :
Name of publisher, distributor, etc Christian Literature Crusade
Date of publication, distribution, etc 1988
300 ## - PHYSICAL DESCRIPTION
Extent 114 p. ;
Dimensions 18 cm.
650 ## - SUBJECT ADDED ENTRY--TOPICAL TERM
Topical term or geographic name as entry element Christian Life
650 ## - SUBJECT ADDED ENTRY--TOPICAL TERM
Topical term or geographic name as entry element Revival
700 ## - ADDED ENTRY--PERSONAL NAME
Personal name Hession, Revel.
942 ## - ADDED ENTRY ELEMENTS (KOHA)
Source of classification or shelving scheme
Koha item type Books
Copies
Shelving location Not for loan Damaged status Date acquired Source of classification or shelving scheme Withdrawn status Barcode Permanent Location Copy number Lost status Price effective from Full call number Koha item type Date last seen
General Stacks  2010-04-14  10443RHEMA Bible Training College1 2010-04-14BV 4501 .H4Books2010-04-14
General Stacks  2010-04-14  15227RHEMA Bible Training College2 2010-04-14BV 4501 .H4Books2010-04-14
General Stacks  2010-04-14  18799RHEMA Bible Training College3 2010-04-14BV 4501 .H4Books2010-04-14
General Stacks  2010-04-14  18897RHEMA Bible Training College4 2010-04-14BV 4501 .H4Books2010-04-14
General Stacks  2010-04-14  20026RHEMA Bible Training College5 2010-04-14BV 4501 .H4Books2010-04-14